| 000 | 00931nam a22002417a 4500 | ||
|---|---|---|---|
| 003 | UA-OsUOA | ||
| 001 | 55700 | ||
| 007 | ta | ||
| 008 | 20080918b un ||||| |||| 00| 0 ukr d | ||
| 100 | _aВовк Т. В. | ||
| 090 |
_a346.5(094)(4) _bВ61 |
||
| 942 | _cBK | ||
| 040 |
_aUA-OsUOA _bukr _cUA-OsUOA _dUA-OsUOA |
||
| 245 | _aСистема конкурентного законодавства Європейського Союзу. Правове регулюванняправил конкуренції в Україні. Шляхи адаптації законодавства України. | ||
| 300 | _a416 с. | ||
| 955 | _a1 | ||
| 041 | _aukr | ||
| 080 | _a346.5(094)(4) | ||
| 020 | _a966-7237-23-0 | ||
| 260 |
_aК. _bТріумф _c2006 |
||
| 650 | 7 |
_a346 Господарське право. Правові основи державного регулювання економікою _2UDC |
|
| 999 |
_c341751 _d341751 |
||